书目信息 |
| 题名: |
思想的印迹
|
|
| 作者: | 曹智勇 著 | |
| 分册: | ||
| 出版信息: | 北京 新华出版社 2019 |
|
| 页数: | 329页 | |
| 开本: | 24cm | |
| 丛书名: | ||
| 单 册: | ||
| 中图分类: | B842.7 | |
| 科图分类: | ||
| 主题词: | 意识--研究 | |
| 电子资源: | ||
| ISBN: | 978-7-5166-4912-1 | |
| 000 | 00961nam0 2200229 450 | |
| 001 | 2050961978 | |
| 005 | 20201129140939.35 | |
| 010 | @a978-7-5166-4912-1@dCNY69.00 | |
| 100 | @a20191122d2019 em y0chiy50 ea | |
| 101 | 0 | @achi |
| 102 | @aCN@b110000 | |
| 105 | @aa z 000yy | |
| 200 | 1 | @a思想的印迹@9si xiang de yin ji@b专著@dImprint of thinking@f曹智勇著@zeng |
| 210 | @a北京@c新华出版社@d2019 | |
| 215 | @a329页@c图@d24cm | |
| 330 | @a本书的目标就是提供一个看问题的角度,我们要把对大脑进行更深入的研究作为为之奋斗的方向。第一章,我们关注的是意识区块链,其核心思想是去中心化的分部独立运行理论。第二章,我们重点阐述的内容是暗意识、潜意识在信息输入过程中的作用。第三章,我们强调的是记忆如何生长出来的第四章,我们探讨的是主意识如何运作的,即思维是如何产生和思维的过程。 | |
| 510 | 1 | @aImprint of thinking@zeng |
| 606 | 0 | @a意识@x研究 |
| 690 | @aB842.7@v5 | |
| 701 | 0 | @a曹智勇@9cao zhi yong@4著 |
| 801 | 2 | @aCN@b58marc.cn@c20200410 |
| 905 | @aZUCC@dB842.7@e12 | |
| 思想的印迹=Imprint of thinking/曹智勇著.-北京:新华出版社,2019 |
| 329页:图;24cm |
| ISBN 978-7-5166-4912-1:CNY69.00 |
| 本书的目标就是提供一个看问题的角度,我们要把对大脑进行更深入的研究作为为之奋斗的方向。第一章,我们关注的是意识区块链,其核心思想是去中心化的分部独立运行理论。第二章,我们重点阐述的内容是暗意识、潜意识在信息输入过程中的作用。第三章,我们强调的是记忆如何生长出来的第四章,我们探讨的是主意识如何运作的,即思维是如何产生和思维的过程。 |
| ● |
| 相关链接 |
|
|
|
正题名:思想的印迹
索取号:B842.7/12
 
预约/预借
| 序号 | 登录号 | 条形码 | 馆藏地/架位号 | 状态 | 备注 |
| 1 | 873507 | 2000873507 | 第二书库/ [索取号:B842.7/12] | 在馆 | |
| 2 | 873508 | 2000873508 | 第二书库/ [索取号:B842.7/12] | 在馆 | |
| 3 | 873509 | 2000873509 | 第二书库/ [索取号:B842.7/12] | 在馆 |